000 00498nam a2200169Ia 4500
999 _c2998
_d2998
003 OSt
005 20200814142509.0
008 190216s9999||||xx |||||||||||||| ||und||
020 _a9798173193735
040 _coclc
082 _a547.2
_bAHL/O
100 _aAhluwalia, V K
_94137
245 0 _aOrganic Reaction Mechanisms /
_cV K Ahluwalia ; R K Parashar
260 _bNarosa Pubs House,
_c2002.
_aNew Delhi:
300 _a609p
942 _cBK
_2ddc
_h547.2
_iAHL/O
_k547.2
_mAHL/O